000 00469nam a2200193Ia 4500
005 20240823045144.0
008 240823s9999||||xx |||||||||||||| ||und||
020 _a81-7596-103-1
041 _aENGLISH
082 _A576 p4
100 _aHeritage J et al.
245 0 _aIntroductory Microbiology
250 _a1st
260 _c2004
_bCambridege University Press
500 _aYES
650 _aMicrobiology
_bBio Medical Engg.
942 _cBK
999 _c214300
_d214300